| 000 | 00775nam a2200265Ia 4500 | ||
|---|---|---|---|
| 003 | OSt | ||
| 005 | 20221006140820.0 | ||
| 006 | a|||||r|||| 00| 0 | ||
| 007 | ta | ||
| 008 | 221006b |||||||| |||| 00| 0 eng d | ||
| 020 |
_c _69.95 |
||
| 024 | _a704 | ||
| 037 |
_b45304, 27/12/2000, S S S _cTextual |
||
| 040 |
_aEASL _cEASL _beng |
||
| 041 |
_2eng _aeng |
||
| 082 | _aW6.41, P0 | ||
| 100 | _aFRIEDMAN Edward | ||
| 245 | 0 |
_aWhat if China doesn't democratize? _b Implications for war and peace |
|
| 260 |
_aNew York _bM E Sharpe |
||
| 300 |
_a363p. _ccm. |
||
| 490 | _v CEL | ||
| 700 |
_a McCORMICK Barrett L _9643519 |
||
| 942 |
_hW6.41, P0 _cTEXL _2CC |
||
| 999 |
_c1068790 _d1068790 |
||